Indigenous peoples, customary law and human rights : (Record no. 7159)
[ view plain ]
| 000 -LEADER | |
|---|---|
| fixed length control field | 01885cam a2200433Ii 4500 |
| 001 - CONTROL NUMBER | |
| control field | ocn941876166 |
| 003 - CONTROL NUMBER IDENTIFIER | |
| control field | TZ-ArACH |
| 005 - DATE AND TIME OF LATEST TRANSACTION | |
| control field | 20240205102747.0 |
| 008 - FIXED-LENGTH DATA ELEMENTS--GENERAL INFORMATION | |
| fixed length control field | 160229t20162014enka b 001 0 eng d |
| 015 ## - NATIONAL BIBLIOGRAPHY NUMBER | |
| National bibliography number | GBB662593 |
| Source | bnb |
| 016 7# - NATIONAL BIBLIOGRAPHIC AGENCY CONTROL NUMBER | |
| Record control number | 017836056 |
| Source | Uk |
| 020 ## - INTERNATIONAL STANDARD BOOK NUMBER | |
| International Standard Book Number | 1138671711 |
| 020 ## - INTERNATIONAL STANDARD BOOK NUMBER | |
| International Standard Book Number | 9781138671713 |
| 035 ## - SYSTEM CONTROL NUMBER | |
| System control number | (OCoLC)941876166 |
| 040 ## - CATALOGING SOURCE | |
| Original cataloging agency | YDXCP |
| Language of cataloging | eng |
| Transcribing agency | TZ-ArACH |
| 049 ## - LOCAL HOLDINGS (OCLC) | |
| Holding library | TZAA |
| 050 14 - LIBRARY OF CONGRESS CALL NUMBER | |
| Classification number | K3247 |
| Item number | .T63 2016 |
| 100 1# - MAIN ENTRY--PERSONAL NAME | |
| Personal name | Tobin, Brendan, |
| Relator term | author. |
| 245 10 - TITLE STATEMENT | |
| Title | Indigenous peoples, customary law and human rights : |
| Remainder of title | why living law matters / |
| Statement of responsibility, etc | Brendan Tobin. |
| 260 ## - PUBLICATION, DISTRIBUTION, ETC. (IMPRINT) | |
| Place of publication, distribution, etc | London ; $a New York : |
| -- | Routledge, |
| Name of publisher, distributor, etc | Taylor & Francis Group, |
| Date of publication, distribution, etc | 2016. |
| 300 ## - PHYSICAL DESCRIPTION | |
| Extent | xxii, 303 pages : |
| Other physical details | illustration ; |
| Dimensions | 24 cm. |
| 490 1# - SERIES STATEMENT | |
| Series statement | Routledge studies in law and sustainable development series |
| 500 ## - GENERAL NOTE | |
| General note | Includes table of cases. |
| 504 ## - BIBLIOGRAPHY, ETC. NOTE | |
| Bibliography, etc | Includes bibliographical references (pages 261-289) and index. |
| 505 0# - FORMATTED CONTENTS NOTE | |
| Formatted contents note | Customary law in context -- Self-determination in practice -- Where custom is the law -- In search of the living law -- Ancestral rights recovered : lands and traditional territories -- Natural resources or essences of life? -- Right to culture and cultural heritage -- Traditional knowledge -- Intercultural equity and justice. |
| 650 #0 - SUBJECT ADDED ENTRY--TOPICAL TERM | |
| Topical term or geographic name as entry element | Indigenous peoples |
| General subdivision | Legal status, laws, etc. |
| 650 #0 - SUBJECT ADDED ENTRY--TOPICAL TERM | |
| Topical term or geographic name as entry element | Customary law. |
| 650 #0 - SUBJECT ADDED ENTRY--TOPICAL TERM | |
| Topical term or geographic name as entry element | Indigenous peoples |
| General subdivision | Civil rights. |
| 9 (RLIN) | 4571 |
| 650 #0 - SUBJECT ADDED ENTRY--TOPICAL TERM | |
| Topical term or geographic name as entry element | Human rights. |
| 650 #2 - SUBJECT ADDED ENTRY--TOPICAL TERM | |
| Topical term or geographic name as entry element | Human Rights |
| 650 #6 - SUBJECT ADDED ENTRY--TOPICAL TERM | |
| Topical term or geographic name as entry element | Autochtones |
| General subdivision | Droits. |
| 9 (RLIN) | 12148 |
| 650 #6 - SUBJECT ADDED ENTRY--TOPICAL TERM | |
| Topical term or geographic name as entry element | Droits de l'homme (Droit international) |
| 650 #7 - SUBJECT ADDED ENTRY--TOPICAL TERM | |
| Topical term or geographic name as entry element | Ethnological jurisprudence. |
| Source of heading or term | bcl |
| 650 #7 - SUBJECT ADDED ENTRY--TOPICAL TERM | |
| Topical term or geographic name as entry element | Customary law. |
| Source of heading or term | fast |
| 650 #7 - SUBJECT ADDED ENTRY--TOPICAL TERM | |
| Topical term or geographic name as entry element | Indigenous peoples |
| General subdivision | Civil rights. |
| Source of heading or term | fast |
| 9 (RLIN) | 4571 |
| 650 #7 - SUBJECT ADDED ENTRY--TOPICAL TERM | |
| Topical term or geographic name as entry element | Indigenous peoples |
| General subdivision | Legal status, laws, etc. |
| Source of heading or term | fast |
| 830 #0 - SERIES ADDED ENTRY--UNIFORM TITLE | |
| Uniform title | Routledge studies in law and sustainable development series. |
| 942 ## - ADDED ENTRY ELEMENTS (KOHA) | |
| Source of classification or shelving scheme | Library of Congress Classification |
| Koha item type | Books |
| Home library | Current library | Date acquired | Full call number | Barcode | Koha item type |
|---|---|---|---|---|---|
| African Court on Human and Peoples' Rights Library | African Court on Human and Peoples' Rights Library | 19/10/2023 | K3247 .T63 2016 | 10189327 | Books |
| African Court on Human and Peoples' Rights Library | African Court on Human and Peoples' Rights Library | 05/02/2024 | K3247 .T63 2016 | 10189076 | Books |
